<?xml version="1.0" encoding="UTF-8"?>
<record
    xmlns:xsi="http://www.w3.org/2001/XMLSchema-instance"
    xsi:schemaLocation="http://www.loc.gov/MARC21/slim http://www.loc.gov/standards/marcxml/schema/MARC21slim.xsd"
    xmlns="http://www.loc.gov/MARC21/slim">

  <leader>01098cam a2200265 a 4500</leader>
  <controlfield tag="001">000006679</controlfield>
  <controlfield tag="005">20200929153956.0</controlfield>
  <controlfield tag="008">000328s1998    sp ab    b   f000 0 spa  </controlfield>
  <datafield tag="020" ind1=" " ind2=" ">
    <subfield code="a">8477903182</subfield>
  </datafield>
  <datafield tag="040" ind1=" " ind2=" ">
    <subfield code="a">DO-SdBNP</subfield>
    <subfield code="b">spa</subfield>
    <subfield code="c">BNPHU</subfield>
  </datafield>
  <datafield tag="082" ind1=" " ind2=" ">
    <subfield code="a">959.916</subfield>
    <subfield code="b">M278</subfield>
  </datafield>
  <datafield tag="245" ind1="0" ind2="0">
    <subfield code="a">Manila, 1571-1898 :</subfield>
    <subfield code="b">Occidente en Oriente /</subfield>
    <subfield code="c">[Javier Aguilera Rojas...et al.].</subfield>
  </datafield>
  <datafield tag="260" ind1=" " ind2=" ">
    <subfield code="a">[Madrid, Espa&#xF1;a] :</subfield>
    <subfield code="b">Ministerio de Fomento, Secretar&#xED;a General T&#xE9;cnica, Centro de Publicaciones,</subfield>
    <subfield code="c">1998.</subfield>
  </datafield>
  <datafield tag="300" ind1=" " ind2=" ">
    <subfield code="a">xv, 317 p. :</subfield>
    <subfield code="b">il., mapas ;</subfield>
    <subfield code="c">29 cm.</subfield>
  </datafield>
  <datafield tag="504" ind1=" " ind2=" ">
    <subfield code="a">Incluye referencias bibliogr&#xE1;ficas (p. 293-300).</subfield>
  </datafield>
  <datafield tag="651" ind1=" " ind2="4">
    <subfield code="a">Manila (Filipinas{Rpara}</subfield>
    <subfield code="x">Historia</subfield>
    <subfield code="9">18603</subfield>
  </datafield>
  <datafield tag="650" ind1=" " ind2="4">
    <subfield code="a">Edificios hist&#xF3;ricos</subfield>
    <subfield code="z">Filipinas</subfield>
    <subfield code="z">Manila</subfield>
    <subfield code="9">18604</subfield>
  </datafield>
  <datafield tag="650" ind1=" " ind2="4">
    <subfield code="a">Planificaci&#xF3;n de la ciudad</subfield>
    <subfield code="z">Filipinas</subfield>
    <subfield code="z">Manila</subfield>
    <subfield code="x">Historia</subfield>
    <subfield code="9">18605</subfield>
  </datafield>
  <datafield tag="651" ind1=" " ind2="4">
    <subfield code="a">Filipinas</subfield>
    <subfield code="x">Historia</subfield>
    <subfield code="y">1521-1898.</subfield>
    <subfield code="9">18606</subfield>
  </datafield>
  <datafield tag="700" ind1="1" ind2=" ">
    <subfield code="a">Aguilera Rojas, Javier,</subfield>
    <subfield code="d">1947-</subfield>
    <subfield code="9">18607</subfield>
  </datafield>
  <datafield tag="700" ind1="1" ind2=" ">
    <subfield code="a">Villalonga Campos, Fernando</subfield>
    <subfield code="9">18608</subfield>
  </datafield>
  <datafield tag="700" ind1="1" ind2=" ">
    <subfield code="a">Ib&#xE1;&#xF1;ez Mart&#xED;n, V&#xED;ctor Calvo Soleto</subfield>
    <subfield code="9">18609</subfield>
  </datafield>
  <datafield tag="700" ind1="1" ind2=" ">
    <subfield code="a">Gala Mu&#xF1;oz, Manuel</subfield>
    <subfield code="9">18610</subfield>
  </datafield>
  <datafield tag="700" ind1="1" ind2=" ">
    <subfield code="a">Ort&#xED;z Armengol, Pedro</subfield>
    <subfield code="9">18611</subfield>
  </datafield>
  <datafield tag="952" ind1=" " ind2=" ">
    <subfield code="0">0</subfield>
    <subfield code="1">0</subfield>
    <subfield code="5">4</subfield>
    <subfield code="7">0</subfield>
    <subfield code="8">MO</subfield>
    <subfield code="a">GR</subfield>
    <subfield code="b">GR</subfield>
    <subfield code="c">CT</subfield>
    <subfield code="d">2009-09-01</subfield>
    <subfield code="i">LF1</subfield>
    <subfield code="l">0</subfield>
    <subfield code="o">959.916 M278</subfield>
    <subfield code="p">6679-10</subfield>
    <subfield code="r">2020-06-25</subfield>
    <subfield code="w">2020-06-25</subfield>
    <subfield code="y">4</subfield>
    <subfield code="Z">Pr&#xE9;stamo en sala</subfield>
  </datafield>
  <datafield tag="999" ind1=" " ind2=" ">
    <subfield code="c">6468</subfield>
    <subfield code="d">6468</subfield>
  </datafield>
</record>
